| 000 | 00671nam a22002057a 4500 | ||
|---|---|---|---|
| 003 | OSt | ||
| 005 | 20210226060951.0 | ||
| 008 | 210226s1988 ||||| |||| 00| 0 eng d | ||
| 040 |
_aeng _beng _cDLC |
||
| 041 | _aeng | ||
| 080 |
_a92 _bC-15 |
||
| 100 |
_91134 _aCajal,y. Ramon, Santiago |
||
| 245 |
_aThis Special Edition of Recollections of My Life _c/ by: The Classics of Neurology and Neurosurgery Library |
||
| 260 |
_aBirmingham, Alabama _bThe Classics of Neurology and Neurosurgery Library _c1988 |
||
| 300 |
_a639 p. _bill. |
||
| 650 | 0 |
_9237 _aBiography |
|
| 653 | _aბიოგრაფია | ||
| 700 |
_91135 _aCraigie, Horne. E. _eTranslator |
||
| 942 |
_2udc _cBK |
||
| 999 |
_c1742 _d1742 |
||